Japan Soccer All J-League 1 Teams Ever - Statistics

General Stats
  • This quiz has been taken 199 times
    183 since last reset
  • The average score is 22 of 31
Answer Stats
First Year Team Name Region of Japan % Correct
1993 Gamba Osaka Kansai
96%
1995 Cerezo Osaka Kansai
93%
2000 FC Tokyo Kanto
93%
1998 Consadole Sapporo Hokkaido
89%
1997 Vissel Kobe Kansai
88%
1993 Yokohama F. Marinos Kanto
88%
1993 Nagoya Grampus Chubu
87%
1993 Sanfrecce Hiroshima Chugoku
87%
2007 Yokohama FC Kanto
86%
1993 Kashima Antlers Kanto
85%
1993 Urawa Red Diamonds Kanto
84%
2000 Kawasaki Frontale Kanto
83%
2002 Vegalta Sendai Tohoku
82%
1996 Kyoto Sanga Kansai
81%
1993 Tokyo Verdy Kanto
79%
1996 Avispa Fukuoka Kyushu
74%
1995 Kashiwa Reysol Kanto
73%
1993 JEF United Chiba Kanto
72%
2004 Abirex Niigata Chubu
71%
1993 Shimizu S. Pulse Chubu
71%
2018 V-Varen Nagasaki Kyushu
69%
1994 Jublio Iwata Chubu
66%
2003 Oita Trinita Kyushu
61%
1994 Shonan Bellmare Kanto
60%
2012 Matsumoto Yamaga Chubu
56%
2014 Tokushima Vortis Shikoku
56%
2017 Sagan Tosu Kyushu
52%
2005 Omiya Ardija Kanto
48%
2006 Ventforent Kofu Chubu
42%
2009 Montedio Yamagata Tohoku
37%
1993 Yokohama Flugels Kanto
31%
No matching quizzes found
Score Distribution
Percent of People with Each Score
Percentile by Number Answered
Your Score History
You have not taken this quiz since the last reset